000 01468nam a2200241Ia 4500
003 Ost
005 20260507075203.0
008 260507s9999||||xx |||||||||||||| ||und||
040 _cfsecg
041 _aara
082 _a330
100 _aالخطيب، خالد راغب
_eمؤلف
245 0 _aالتدقيق على الاستثمار في الشركات متعددة الجنسيات :
_bفي ضوء معايير التدقيق الدولية /
_c خالد راغب الخطيب
260 _aعمان:
_bدار البداية,
_c2009
300 _a238 صفحة؛
_bإيضاحات ؛
_c24 سم
504 _aمراجع ص.233 (اقتناءات 2014 3ن)
520 _aأساسيات تصميم النظام المحاسبي و نظام الاتصال المحاسبي و دوره في الرقابة ، المعايير المهنية لتدقيق الحسابات و الاستثمارات الاجنبية ، نظرية التدويل ، العولمة و تأثيرها على الانظمة المحاسبية العربية الموحدة و انعكاساتها على الاستثمار الاجنبي المباشر ، واقع و تحديات الاستثمارات الاجنبية المباشرة في الدول النامية .
653 _aالاستثمارات
653 _aالاستثمارات الاجنبية
653 _aالشركات متعددة الجنسية
653 _aتدقيق الحسابات
942 _cكتاب
999 _c43412
_d43412